ბათუმის შოთა რუსთაველის სახელმწიფო უნივერსიტეტის ბიბლიოთეკა

თავდავიწყება (ბიბ.ჩანაწერი № 42912)

000 -LEADER
fixed length control field 00696nam a2200217Ia 4500
001 - CONTROL NUMBER
control field 9628
003 - CONTROL NUMBER IDENTIFIER
control field GE_BSU
008 - FIXED-LENGTH DATA ELEMENTS--GENERAL INFORMATION
fixed length control field 181216s||||||||xx |||||||||||||| ||und||
040 ## - CATALOGING SOURCE
Transcribing agency GE_BSU
080 ## - UNIVERSAL DECIMAL CLASSIFICATION NUMBER
Universal Decimal Classification number 821.353.1–32+82-93
100 ## - MAIN ENTRY--PERSONAL NAME
Personal name მესხი,ლელა
245 ## - TITLE STATEMENT
Title თავდავიწყება
245 ## - TITLE STATEMENT
Remainder of title მოთხრობები
245 ## - TITLE STATEMENT
Statement of responsibility, etc. რედ.მაყვალა კალანდარიშვილი,მხატვ.მ.კუხაშვილი
260 ## - PUBLICATION, DISTRIBUTION, ETC.
Place of publication, distribution, etc. თბილისი
260 ## - PUBLICATION, DISTRIBUTION, ETC.
Name of publisher, distributor, etc. ნაკადული
260 ## - PUBLICATION, DISTRIBUTION, ETC.
Date of publication, distribution, etc. 1987
300 ## - PHYSICAL DESCRIPTION
Extent 196გვ.21სმ.
653 ## - INDEX TERM--UNCONTROLLED
Uncontrolled term თავდავიწყება
942 ## - ADDED ENTRY ELEMENTS (KOHA)
Koha item type წიგნი
ეგზემპლარები
Withdrawn status Lost status Damaged status Not for loan Date acquired Barcode Date last seen Price effective from Koha item type
        2018-12-17 32684 2018-12-17 2018-12-17 წიგნი
        2018-12-17 32685 2018-12-17 2018-12-17 წიგნი
        2018-12-17 32686 2018-12-17 2018-12-17 წიგნი
        2018-12-17 32687 2018-12-17 2018-12-17 წიგნი
        2018-12-17 32688 2018-12-17 2018-12-17 წიგნი
        2018-12-17 32689 2018-12-17 2018-12-17 წიგნი